000 nam a22 a 4500
999 _c63673
_d63673
003 BLK
005 20220610115427.0
008 180408b bul|||||r ||||||| ||bul||
010 _aKNG00067927000
040 _aBLK
041 _aBUL
_cBUL
080 _aИзкуство. Художествени занаяти. Фотография. Музика. Развлечения. Игри. Спорт
_b7
_z7
080 _aИзобразителни изкуства и художествени занаяти
_b73/76
_z73/76
100 1 _aРоден, Огюст
_eпърви автор
_9116575
139 _aРоден, Огюст
_bР 74
245 1 0 _aИзкуството
_bБеседи
_cОгюст Роден; събр. Пол Гсел; прев. от фр. Любен Пинтев.
250 _a3. изд.
257 _aFRA
260 _aСофия
_bБълг. художник
_c1967
300 _a111 с.
_bс портр., репрод.
_c22 см
380 _a7
500 _aБез сведение за ориг. загл. - 5 100 тир.
650 4 _aИзкуство
_9156342
653 _aизкуство
653 _aбеседи
700 1 _aГсел, Пол
_eсъбр.
_956937
700 1 _aПинтев, Любен
_eпрев. от фр.
_9291561
852 _aЦб 43496
856 4 _qpdf
856 4 _qpdf
942 _cKNG
_n0
_01
_s1
944 _aCR
_c24.08.2006
_kИрена_Линкова
944 _aED
_c10.05.2012
999 _d63673